| 000 | 00413nam a2200169Ia 4500 | ||
|---|---|---|---|
| 008 | 210210b1937 xxu||||| |||| 00| 0 eng d | ||
| 041 | _aeng | ||
| 082 | _a825/440 | ||
| 100 | _aHOUSMAN (A E) | ||
| 245 | _aIntroductory lecture 1892 | ||
| 260 |
_aCambridge _bAt the University Press _c1937 |
||
| 650 | _alecture | ||
| 650 | _aIntroductory | ||
| 650 | _a1892 | ||
| 690 | _aEnglish Criticism | ||
| 906 | _a014756 | ||
| 999 |
_c133975 _d133975 |
||